Todos los Países Modernos que han sido Controlados por Bélgica - Estadísticas

Estadísticas generales
  • Esta prueba ha sido intentada 1.668 veces
  • La puntuación promedio es 11 de 14
Respuestas en el mapa
Las respuestas están codificadas por una escala verde-roja en el mapa de la prueba según el % correcto abajo.
 
Estadísticas de respuestas
Países % Correcto
Alemania
94%
Países Bajos
94%
República Democrática del Congo
94%
Bélgica
93%
Luxemburgo
91%
Francia
85%
Ruanda
85%
Burundi
82%
República Centroafricana
82%
Uganda
80%
Sudán del Sur
77%
Italia
64%
Guatemala
58%
China
31%
No se encontraron pruebas coincidentes
Distribución de puntuación
Porcentaje de gente con cada puntuación
Porcentaje por número respondido
Historial de tus puntuaciones
No has intentado esta prueba.